| Tag |
First Indicator |
Second Indicator |
Subfields |
| LEADER |
00000cam a2200000 a 4500 |
| 001 |
in00001237243 |
| 005 |
20151003062350.0 |
| 008 |
910517s1991 gw a 000 1 ger d |
| 020 |
|
|
|a 3360003225
|
| 035 |
|
|
|a (OCoLC)23760554
|
| 035 |
|
|
|9 AGS7542AM
|
| 040 |
|
|
|a GZM
|c GZM
|d TXA
|d UtOrBLW
|
| 049 |
|
|
|a TXAM
|
| 090 |
|
|
|a PT2662.R283
|b E6 1991
|
| 100 |
1 |
|
|a Braun, Johanna,
|d 1929-
|
| 245 |
1 |
4 |
|a Das Ende des Pantamannes :
|b drittes Buch des Märchens vom Pantamann Paskal /
|c Johanna Braun, Günter Braun.
|
| 250 |
|
|
|a 1. Aufl.
|
| 264 |
|
1 |
|a Berlin :
|b Verlag Das Neue Berlin,
|c 1991.
|
| 300 |
|
|
|a 222 pages :
|b illustrations ;
|c 17 cm.
|
| 336 |
|
|
|a text
|b txt
|2 rdacontent
|
| 337 |
|
|
|a unmediated
|b n
|2 rdamedia
|
| 338 |
|
|
|a volume
|b nc
|2 rdacarrier
|
| 700 |
1 |
|
|a Braun, Günter,
|d 1928-
|
| 999 |
|
|
|a MARS
|
| 999 |
f |
f |
|s 45b427d1-1316-3350-9e8d-36ece494f39d
|i eec82b0d-edaf-3fb9-bb4c-b03fbcb752f7
|t 0
|
| 952 |
f |
f |
|p ric
|a Texas A&M University
|b Rellis Campus
|c Joint Library Facility
|d Remote Storage
|t 0
|e PT2662.R283 E6 1991
|h Library of Congress classification
|i unmediated -- volume
|m A14819115047
|
| 998 |
f |
f |
|a PT2662.R283 E6 1991
|t 0
|l Remote Storage
|